Estrategias docentes. Enseñanza de contenidos curriculares y desarrollo de habilidades de pensamiento
Guardat en:
| Autor principal: | |
|---|---|
| Altres autors: | |
| Format: | Llibre |
| Idioma: | espanyol |
| Publicat: |
Ciudad de México, México:
Fondo de Cultura Económica,
1999.
|
| Edició: | Primera edición. |
| Matèries: | |
| Etiquetes: |
Afegir etiqueta
Sense etiquetes, Sigues el primer a etiquetar aquest registre!
|
MARC
| LEADER | 00000cam a2200000 a 4500 | ||
|---|---|---|---|
| 001 | UCN8157 | ||
| 003 | CL-VaPUC | ||
| 005 | 20231107122356.0 | ||
| 008 | 011109e19990000MX |||||||||||||||||spa|d | ||
| 020 | |a 9505573049 | ||
| 040 | |c Pontificia Universidad Católica de Valparaíso | ||
| 082 | 0 | 4 | |a 370.15 EGG 1999 |2 21 |
| 100 | 0 | |a Eggen, Paul D |e autor |9 464361 | |
| 245 | 1 | 0 | |a Estrategias docentes. |b Enseñanza de contenidos curriculares y desarrollo de habilidades de pensamiento |
| 250 | |a Primera edición. | ||
| 260 | |a Ciudad de México, México: |b Fondo de Cultura Económica, |c 1999. | ||
| 300 | |a 386 páginas. | ||
| 583 | |a last modification |c 20150122 12:22:38 |k Rodrigo Vera | ||
| 650 | 0 | |a Psicología educacional |9 307830 | |
| 650 | 0 | |a Métodos de enseñanza |9 270413 | |
| 650 | 0 | |a Aprendizaje |9 254827 | |
| 650 | 0 | |a Rol del docente |9 329733 | |
| 700 | 0 | |a Kauchak, Donald P |e autor |9 464362 | |
| 942 | |c BK |2 ddc | ||
| 945 | |d 20011109 00:00:00 |a vberengu | ||
| 999 | |c 298189 |d 298187 | ||
| 952 | |0 0 |1 0 |4 0 |6 370_150000000000000_EGG_1999 |7 0 |8 A |9 353569 |a BIBEDU |b BIBEDU |d 2019-11-21 |i 3771083 |o 370.15 EGG 1999 |p 3771083 |r 2019-11-21 |w 2019-11-21 |y BK |k EDU | ||
| 952 | |0 0 |1 0 |4 0 |6 370_150000000000000_EGG_1999 |7 0 |8 A |9 353570 |a BIBEDU |b BIBEDU |d 2019-11-21 |i 3805220 |o 370.15 EGG 1999 |p 3805220 |r 2019-11-21 |w 2019-11-21 |y BK |k EDU | ||
| 952 | |0 0 |1 0 |4 0 |6 370_150000000000000_EGG_1999 |7 0 |8 A |9 353571 |a BIBEDU |b BIBEDU |d 2019-11-21 |i 3884856 |o 370.15 EGG 1999 |p 3884856 |r 2019-11-21 |w 2019-11-21 |y BK |k EDU | ||
| 952 | |0 0 |1 0 |4 0 |6 370_150000000000000_EGG_1999 |7 0 |8 A |9 353572 |a FDOPOS |b FDOPOS |d 2019-11-21 |i 3912671 |o 370.15 EGG 1999 |p 3912671 |r 2025-01-22 |w 2019-11-21 |y BK |k MLA | ||
| 952 | |0 0 |1 0 |4 0 |6 370_150000000000000_EGG_1999 |7 0 |8 A |9 353573 |a BIBEDU |b BIBEDU |d 2019-11-21 |i 3918068 |o 370.15 EGG 1999 |p 3918068 |r 2019-11-21 |w 2019-11-21 |y BK |k PSI | ||
| 952 | |0 0 |1 0 |4 0 |6 370_150000000000000_EGG_1999 |7 0 |8 A |9 353574 |a BIBEDU |b BIBEDU |d 2019-11-21 |i 3912647 |o 370.15 EGG 1999 |p 3912647 |r 2019-11-21 |w 2019-11-21 |y BK |k LIT | ||
| 952 | |0 0 |1 0 |3 erb |4 0 |6 370_150000000000000_EGG_1999 |7 0 |8 ? |9 353575 |a BIBEDU |b BIBEDU |i 5136520 |l 1 |o 370.15 EGG 1999 |p 5136520 |r 2023-11-22 |s 2023-11-16 |w 2019-11-21 |y BK |z Catalogado en:20160807 |k MUS | ||
| 952 | |0 0 |1 0 |2 ddc |4 0 |6 370_150000000000000_EGG_1999 |7 0 |8 A |9 592296 |a BIBCUR |b BIBCUR |c GEN |d 2023-11-07 |e 3 |g 25068.00 |i 5659338 |l 1 |o 370.15 EGG 1999 |p 5659338 |r 2025-04-22 |s 2023-11-27 |t 8 |v 25068.00 |w 2023-11-07 |y BK |k FIS | ||